LEADER 00960nam a2200253 u 4500 001 000000071211 003 CaOOAMICUS 005 20070226122115.0 008 020522s1928 enk u000 u eng u 035 $a10930724 040 $aPUL(R)$bita 100 1 $aAdams, John.$0(OLS)http://pul/name/47296 245 14$aThe evolution of educational theory /$cJohn Adams. 260 $aLondon :$bMacMillan and Co.,$c1928. 300 $a410 p. ;$c23 cm 500 $aContiene indice. 504 $aBibliografia in nota. 650 4$aFilosofia dell'educazione.$0(OLS)http://pul/subject/7700 850 $aPUL 852 $aPUL$W1$xDP1 Cons. Gen., Altre Classi 1$y22$m921 F 23$j92133$nBK-PRI$b $qStampati$B92133$CPULBib$Z2$F92133 $H $81 941 1 $a8 961 $aINV: 13621 996 $6245$aThe evolution of educational theory$9(OLS)http://pul/title/93772 996 $6260$aLondon :$bMacMillan and Co.$9(OLS)http://pul/publisher/73442 LEADER 01243nam a2200301 a 4500 001 000000134943 003 CaOOAMICUS 005 20130716104844.0 008 130716s2006 fr u000 ubfre r 020 $a978-2-07-077734-1 040 $aPUL$bita 082 04$a320.94 100 1 $aManent, Pierre.$0(OLS)http://pul/name/40116 245 13$aLa raison des nations :$bréflexions sur la démocratie en Europe /$cPierre Manent. 260 $aParis :$bGallimard,$c©2006$g2011 300 $a100 p. ;$c21 cm 490 1 $aL'esprit de la cité 504 $aInclude bibliografia in nota. 650 4$aDemocrazia$zEuropa.$0(OLS)http://pul/subject/38582 830 2$aL'esprit de la cité.$0(OLS)http://pul/title/133208 850 $aPUL 852 $aPUL$W1$xSL Diritto e Scienze Sociali 3$y79$m320. 94 MANPI 1$j155308$qDDC 21$B154850$CPULBib$Z2$F154850 $H122750 $82 941 1 $a9 996 $6020$a978-2-07-077734-1$9(OLS)http://pul/number/153304 996 $6082$a320.94$9(OLS)http://pul/classification/2547 996 $6245$aLa raison des nations :$bréflexions sur la démocratie en Europe$9(OLS)http://pul/title/170663 996 $6260$aParis :$bGallimard$9(OLS)http://pul/publisher/48435 LEADER 01302nam a2200289 a 4500 001 000000055754 003 CaOOAMICUS 005 20170228115238.0 008 010312s1954 it m u000 u ita r 032 $aLibriCat 035 $a10869191 040 $aPUL(R)$bita 100 1 $aRossano, Pietro,$cvescovo,$d1923-1991.$0(OLS)http://pul/name/122 245 12$aL'ideale dell'assimilazione a Dio nello stoicismo e nel Nuovo Testamento /$cauctore Petro Rossano. 260 $aAlba :$bEditiones Paulinae,$c1954. 300 $a72 p. ;$c23 cm 502 $aDiss. -- Pontificia universitas Gregoriana, 1952. 504 $aBibliografia generale p. [69]-72. 650 4$aStoici e stoicismo.$0(OLS)http://pul/subject/5133 650 4$aDio (filosofia).$0(OLS)http://pul/subject/404 710 22$aPontificia Università Gregoriana.$bFacoltà di teologia.$kTesi.$0(OLS)http://pul/name/81592 850 $aPUL 852 $aPUL$W1$xDP1 Tesi Pon. Univ. Gregoriana$y40$mTH PUG 701$j182464$nBK-PRI$b $qTesi$B73270$CPULBib$Z2$F73270 $H17652 $81 941 1 $a16 996 $6245$aL'ideale dell'assimilazione a Dio nello stoicismo e nel Nuovo Testamento$9(OLS)http://pul/title/74613 996 $6260$aAlba :$bEditiones Paulinae$9(OLS)http://pul/publisher/51748